000 00282nam a22001337a 4500
008 170301b xxu||||| |||| 00| 0 eng d
020 _a1929622694
041 _aeng
080 _a61
100 _a6
101 _aSHM
245 _aTREATMENT GUIDELINES
_cCHAN, P.D
942 _2udc
_cBK
999 _c6498
_d6498